000 00284nam a2200133Ia 4500
100 _aBristow/Geoff
942 _cRB
654 _aElectronic
245 _aElectronic speech synthesis
260 _bMcGraw Hill
_c1984
082 _a621.3819
_bBRI
300 _a346
546 _aENGLISH
999 _c34881
_d34881